Statistiques concernant Paroles - Eddy Mitchell - Couleur menthe à l'eau

Cliquez ici pour prendre le quiz!

Statistiques générales

  • Ce quiz a été pris 613 fois
  • Le résultat moyen est 164 sur 206

Statistiques - réponses

Paroles% Correct
a
100%
à
100%
A
100%
Elle
100%
elle
100%
De
99%
de
99%
Et
99%
m'a
99%
Ma
99%
un
99%
au
98%
comme
97%
Comme
97%
était
97%
une
97%
ciné
96%
La
96%
la
96%
Le
96%
le
96%
menthe
96%
star
96%
l'eau
95%
maquillée
94%
yeux
94%
Accoudée
93%
Couleur
93%
couleur
93%
sa
92%
sa
92%
peau
91%
juke-box
90%
juke-box,
90%
des
89%
fille
89%
je
89%
aux
88%
dans
88%
ne
88%
moi
87%
Moi
87%
qui
87%
Qui
87%
su
87%
trop
87%
en
86%
En
86%
n'en
86%
plus
85%
Ses
85%
bien
84%
Bien
84%
pas
83%
peu
81%
pouvais
81%
sûr
81%
Sur
81%
vu
81%
est
80%
j'étais
80%
mégalo
80%
pour
79%
qu'elle
78%
Century
77%
jamais
77%
faisait
76%
Fox,
76%
rien
76%
les
75%
proie
71%
rêvait
71%
d'essai
70%
Perdue
70%
entré
69%
flipper,
69%
Juste
69%
posait
69%
Son
69%
son
69%
bout
68%
chat
68%
jolie
66%
regard
66%
trottoir
66%
du
65%
noirs
65%
projecteur
63%
semblait
63%
Semblait
63%
suis
63%
tombé
63%
marchait
62%
dieu
61%
type
60%
charme
59%
ont
59%
tête
59%
méprise
58%
pauvre
58%
Toute
58%
seule
57%
Mais
56%
spot
56%
lancé
55%
rangé
54%
chanson
53%
coeur,
53%
l'agressivité
53%
mythos
53%
répète
52%
studio
52%
frôlant
50%
Tous
50%
Hollywood
49%
s'est
48%
soumise
48%
mots
47%
briser
46%
entrée
45%
mimait
44%
oh
42%
Arrêtant
39%
couvrait
38%
Cherchaient
36%
Décor
28%
ah
21%

Distribution des résultats

Percentile par nombre de réponses

% des personnes avec chaque résultat

Votre développement - résultats

Vous n’avez pas pris ce quiz